书目信息 |
| 题名: |
帝国军团
|
|
| 作者: | 金铁木 著 | |
| 分册: | ||
| 出版信息: | 北京 中华书局 2004.10 |
|
| 页数: | 184页 | |
| 开本: | 21cm | |
| 丛书名: | ||
| 单 册: | ||
| 中图分类: | E293.3 | |
| 科图分类: | ||
| 主题词: | 军事史--Jun Shi Shi--中国--秦代--通俗读物 | |
| 电子资源: | ||
| ISBN: | 7-101-04432-8 | |
| 000 | 01263nam0 2200277 450 | |
| 001 | CAL 012004119138 | |
| 005 | 20050616093413.66 | |
| 010 | @a7-101-04432-8@dCNY 32.00 | |
| 092 | @aCN@bxf04-40-091 | |
| 099 | @aCAL 012004119138 | |
| 100 | @a20040703d2004 ekmy0chiy0121 ea | |
| 101 | 0 | @achi |
| 102 | @aCN@b110000 | |
| 105 | @aab z 000yy | |
| 200 | 1 | @a帝国军团@ADi Guo Jun Tuan@e秦军秘史@f金铁木著 |
| 210 | @a北京@c中华书局@d2004.10 | |
| 215 | @a184页@c彩图, 地图@d21cm | |
| 330 | @a一个伟大的帝王,一支强悍的国队,一个帝国诞生的秘密。大型纪录片《复活 的军团》在2004年产生了广泛影响。本书在此基础上挖掘史实,进行深度创作,极大地丰富了纪录片的内容,并就以下问题逐一解密:出生于西北高原的秦人为什么能够一统中国?秦军使用什么样的武器?庞大的武器供应又怎样实现?秦军打仗为何如此拼命?2000多年前,在南北几千公里的战线上,他们靠什么完成后勤运输任务?一个500多万人口的国家拥有100万人的军队,秦人的国力怎样支撑?秦人的战斗意志历经500年而不衰竭,可为什么在秦始皇死后短短三年时间就土崩瓦解? | |
| 517 | 1 | @a秦军秘史@AQin Jun Mi Shi |
| 606 | 0 | @a军事史@AJun Shi Shi@y中国@z秦代@j通俗读物 |
| 690 | @aE293.3@v4 | |
| 701 | 0 | @a金铁木@AJin Tie Mu@4著 |
| 801 | 0 | @aCN@bNUL@c20050616 |
| 905 | @a10447@dE293.3@eJ804 | |
| 906 | @dCNY32.00@n0@r1 | |
| 998 | @aNUL | |
| 帝国军团:秦军秘史/金铁木著.-北京:中华书局,2004.10 |
| 184页:彩图, 地图;21cm |
| ISBN 7-101-04432-8:CNY 32.00 |
| 一个伟大的帝王,一支强悍的国队,一个帝国诞生的秘密。大型纪录片《复活 的军团》在2004年产生了广泛影响。本书在此基础上挖掘史实,进行深度创作,极大地丰富了纪录片的内容,并就以下问题逐一解密:出生于西北高原的秦人为什么能够一统中国?秦军使用什么样的武器?庞大的武器供应又怎样实现?秦军打仗为何如此拼命?2000多年前,在南北几千公里的战线上,他们靠什么完成后勤运输任务?一个500多万人口的国家拥有100万人的军队,秦人的国力怎样支撑?秦人的战斗意志历经500年而不衰竭,可为什么在秦始皇死后短短三年时间就土崩瓦解? |
| ● |
| 相关链接 |
|
|
|
正题名:帝国军团
索取号:E293.3/J804
 
预约/预借
| 序号 | 登录号 | 条形码 | 馆藏地/架位号 | 状态 | 备注 |
| 1 | 536054 | 205360544 | 社科库509/509社科库 118排2列2层/ [索取号:E293.3/J804] | 在馆 | |
| 2 | 536055 | 205360553 | 社科库509/509社科库 118排2列2层/ [索取号:E293.3/J804] | 在馆 | |
| 3 | 536056 | 205360562 | 社科库509/422社科库 34排4列5层/ [索取号:E293.3/J804] | 在馆 |